Income tax act 1967 (Act 53) : income tax regulations and rules..
| Format: | Book |
|---|---|
| Published: |
Kuala Lumpur:
MDC,
1993.
|
| Subjects: |
| LEADER | 00462cam a2200145 7i4500 | ||
|---|---|---|---|
| 001 | 0000002700 | ||
| 005 | 19991025090000.0 | ||
| 002 | ##000003956 | ||
| 020 | 0 | 0 | |a 967-70-0002-0 |
| 090 | 0 | 0 | |a M 343.052 09595 |b INC |
| 245 | 0 | 0 | |a Income tax act 1967 (Act 53) : |b income tax regulations and rules.. |
| 260 | 0 | 0 | |a Kuala Lumpur: |b MDC, |c 1993. |
| 300 | 0 | 0 | |a 345p. |
| 650 | 0 | 0 | |a Income tax -- |x Law and legislation -- |z Malaysia |
| 999 | |a 000004258 |b Book |c Open shelf |e Business Information Centre | ||


